[Event "POL-chT3 Dolnoslaskie 1617"]
[Site "Poland"]
[Date "2017.04.02"]
[Round "9.2"]
[White "Szumilas, Piotr"]
[Black "Wrobel, Maciej"]
[Result "1-0"]
[WhiteElo "2222"]
[BlackElo "1996"]
[PlyCount "91"]
[EventDate "2016.10.16"]
[EventType "team-tourn"]
[EventRounds "11"]
[EventCountry "POL"]
[SourceTitle "EXT 2018"]
[Source "ChessBase"]
[SourceDate "2017.10.13"]
[SourceVersion "1"]
[SourceVersionDate "2017.10.13"]
[SourceQuality "1"]

1. e4 e5 2. Nf3 Nc6 3. Bc4 Nf6 4. d3 Be7 5. 0-0 0-0 6. Re1 d6 7. c3 h6 8. h3 Nh7 9. Nbd2 Be6 10. Bxe6 fxe6 11. Qb3 Qc8 12. Nf1 a5 13. a4 Kh8 14. Ng3 Qd7 15. Be3 d5 16. Rad1 d4 17. Bc1 Rab8 18. Qb5 Rxf3 19. gxf3 Bg5 20. cxd4 Bxc1 21. Rxc1 Ng5 22. dxe5 Nxf3+ 23. Kg2 Rf8 24. Qc5 Qf7 25. Qe3 Ncd4 26. Rh1 c6 27. Rc4 Nh4+ 28. Kf1 Ndf3 29. d4 Qg6 30. Rc3 Qf7 31. Ke2 b5 32. axb5 cxb5 33. Rhc1 b4 34. Rc8 Ng1+ 35. Kd1 Nxh3 36. Rxf8+ Qxf8 37. Rc2 Ng2 38. Qe2 b3 39. Rd2 Qf4 40. d5 Ng1 41. Qd3 exd5 42. exd5 Nf3 43. d6 Nxe5 44. d7 Nxd7 45. Qxd7 Qf3+ 46. Kc1 1-0

[Event "EU-ch rapid"]
[Site "Wroclaw"]
[Date "2014.12.20"]
[Round "2"]
[White "Ragger, Markus"]
[Black "Szumilas, Piotr"]
[Result "1/2-1/2"]
[WhiteElo "2651"]
[BlackElo "2156"]
[PlyCount "68"]
[EventDate "2014.12.20"]
[EventType "swiss (rapid)"]
[EventRounds "11"]
[EventCountry "POL"]
[SourceTitle "CBM 164 Extra"]
[Source "ChessBase"]
[SourceDate "2015.03.02"]
[SourceVersion "1"]
[SourceVersionDate "2015.03.02"]
[SourceQuality "1"]

1. d4 Nf6 2. c4 e6 3. Nf3 Bb4+ 4. Nbd2 0-0 5. a3 Bxd2+ 6. Qxd2 d6 7. e3 Nbd7 8. Be2 Re8 9. 0-0 e5 10. b4 e4 11. Ne1 Nf8 12. Bb2 d5 13. cxd5 Nxd5 14. Rc1 Re6 15. Bc4 Rh6 16. f3 Bf5 17. g4 Be6 18. fxe4 Nb6 19. Bxe6 Nxe6 20. Qg2 Ng5 21. Kh1 c6 22. Rf4 Qd6 23. Nf3 Nh3 24. Rf5 g6 25. Ra5 Qe6 26. g5 Rh5 27. Re5 Qb3 28. Qe2 Kf8 29. Rf1 Nc4 30. Nd2 Qxe3 31. Qxe3 Nxe3 32. Rf3 Ng4 33. Rc5 Nxg5 34. Rxg5 Rxg5 1/2-1/2

[Event "POL-chT 2nd League"]
[Site "Szczyrk"]
[Date "2014.09.09"]
[Round "4.27"]
[White "Kaim, Piotr"]
[Black "Szumilas, Piotr"]
[Result "1-0"]
[WhiteElo "2216"]
[BlackElo "2191"]
[PlyCount "67"]
[EventDate "2014.09.06"]
[EventType "team-swiss"]
[EventRounds "9"]
[EventCountry "POL"]
[SourceTitle "EXT 2015"]
[Source "ChessBase"]
[SourceDate "2014.11.20"]
[SourceVersion "1"]
[SourceVersionDate "2014.11.20"]
[SourceQuality "1"]
[WhiteTeam "Warszawa YMCA"]
[BlackTeam "Wroclaw AZS Politechnika"]
[WhiteTeamCountry "POL"]
[BlackTeamCountry "POL"]

1. e4 c5 2. Nf3 e6 3. d4 cxd4 4. Nxd4 Nc6 5. Nc3 Qc7 6. Be3 a6 7. Qd2 Nf6 8. 0-0-0 Bb4 9. f3 0-0 10. g4 Ne5 11. g5 Nh5 12. f4 Nc4 13. Bxc4 Qxc4 14. Nde2 b5 15. Bd4 Bb7 16. a3 Ba5 17. Qe3 Bxc3 18. Nxc3 Rfc8 19. Be5 Rd8 20. b3 Qc8 21. Rd6 Bc6 22. Rg1 Qb7 23. g6 hxg6 24. f5 exf5 25. exf5 Re8 26. Qd4 Qa7 27. fxg6 Rxe5 28. gxf7+ Kf8 29. Qxe5 Qxg1+ 30. Rd1 Qg4 31. Nd5 Kxf7 32. Rf1+ Kg8 33. Rf5 d6 34. Ne7+ 1-0

[Event "POL-chT 2nd League"]
[Site "Szczyrk"]
[Date "2014.09.07"]
[Round "2.4"]
[White "Szumilas, Piotr"]
[Black "Sliwerski, Radoslaw"]
[Result "1/2-1/2"]
[WhiteElo "2191"]
[BlackElo "2118"]
[PlyCount "107"]
[EventDate "2014.09.06"]
[EventType "team-swiss"]
[EventRounds "9"]
[EventCountry "POL"]
[SourceTitle "EXT 2015"]
[Source "ChessBase"]
[SourceDate "2014.11.20"]
[SourceVersion "1"]
[SourceVersionDate "2014.11.20"]
[SourceQuality "1"]
[WhiteTeam "Wroclaw AZS Politechnika"]
[BlackTeam "Miedzyborow Wrzos"]
[WhiteTeamCountry "POL"]
[BlackTeamCountry "POL"]

1. e4 d6 2. d4 Nf6 3. Nc3 g6 4. Nf3 Bg7 5. Be2 0-0 6. 0-0 c6 7. Bf4 Nbd7 8. Qd2 Re8 9. Rad1 Qa5 10. Bg5 e5 11. d5 c5 12. Nh4 a6 13. a4 Qb4 14. Qe3 Nf8 15. Ra1 Bd7 16. a5 Qd4 17. g3 Qxe3 18. fxe3 Ng4 19. h3 h6 20. Bxg4 Bxg4 21. hxg4 hxg5 22. Nf3 Bf6 23. Nd2 Be7 24. Nc4 Nd7 25. Ra3 Kg7 26. Rb3 Rab8 27. Nd1 Nf6 28. Nf2 Rec8 29. Kg2 Ne8 30. Rh1 Bd8 31. Nd1 f6 32. Nc3 Rc7 33. Rh2 Rf7 34. Ra3 Bc7 35. Ra1 Kf8 36. Rh8+ Ke7 37. Rah1 Rg7 38. Na4 Kf7 39. Kf3 Rg8 40. R8h7+ Rg7 41. R7h6 Ke7 42. Ke2 Rd8 43. Rd1 Bb8 44. Rd3 Bc7 45. Kf3 Rd7 46. Rh8 Kd8 47. Rb3 Bb8 48. Rh6 Rh7 49. Rxh7 Rxh7 50. Kg2 Kc8 51. Rb6 Bc7 52. Rb3 Bb8 53. Ncb6+ Kd8 54. Nc4 1/2-1/2

[Event "POL-chT2"]
[Site "Poronin"]
[Date "2013.09.14"]
[Round "8.33"]
[White "Szumilas, Piotr"]
[Black "Krainski, Aleksander"]
[Result "1/2-1/2"]
[WhiteElo "2204"]
[BlackElo "2213"]
[PlyCount "84"]
[EventDate "2013.09.06"]
[EventType "team-swiss"]
[EventRounds "9"]
[EventCountry "POL"]
[SourceTitle "EXT 2015"]
[Source "ChessBase"]
[SourceDate "2014.11.20"]
[SourceVersion "1"]
[SourceVersionDate "2014.11.20"]
[SourceQuality "1"]
[WhiteTeam "Wroclaw AZS Politechnika"]
[BlackTeam "Grudziadz Rotmistrz II"]
[WhiteTeamCountry "POL"]
[BlackTeamCountry "POL"]

1. e4 e6 2. d4 d5 3. e5 c5 4. c3 Ne7 5. Nf3 Nec6 6. a3 a5 7. Bd3 Be7 8. Be3 b6 9. 0-0 Ba6 10. Ne1 Bxd3 11. Nxd3 Na6 12. f4 c4 13. Ne1 Qd7 14. a4 Nc7 15. Na3 0-0 16. Nf3 Rab8 17. Qc2 b5 18. axb5 Nxb5 19. Ng5 Bxg5 20. fxg5 Nxa3 21. Rxa3 Rb5 22. Rf3 Ne7 23. Rh3 Ng6 24. Qe2 Rfb8 25. Bc1 a4 26. Qh5 Nf8 27. Ra2 Rb3 28. Rf3 R8b7 29. Qg4 Ra7 30. h4 Qb7 31. h5 Qe7 32. Qf4 Ra8 33. Kh2 Ra5 34. Rh3 Ra8 35. Qf3 Ra7 36. Qf2 Ra8 37. Qf1 Rbb8 38. Qf2 Nd7 39. Qg3 Nf8 40. Qg4 Rb3 41. Rf3 Rb7 42. Qg3 Qe8 1/2-1/2

[Event "Warsaw Najdorf Memorial op-A 11th"]
[Site "Warsaw"]
[Date "2013.08.13"]
[Round "9"]
[White "Dworakowska, Joanna"]
[Black "Szumilas, Piotr"]
[Result "1-0"]
[WhiteElo "2316"]
[BlackElo "2195"]
[PlyCount "85"]
[EventDate "2013.08.05"]
[EventType "swiss"]
[EventRounds "9"]
[EventCountry "POL"]
[SourceTitle "CBM 155 Extra"]
[Source "ChessBase"]
[SourceDate "2013.08.26"]
[SourceVersion "1"]
[SourceVersionDate "2013.08.26"]
[SourceQuality "1"]

1. e4 c5 2. Nf3 Nc6 3. d4 cxd4 4. Nxd4 g6 5. c4 Bg7 6. Nc2 Nf6 7. Nc3 0-0 8. Be2 d6 9. 0-0 Bd7 10. Rb1 a6 11. f3 Rc8 12. Be3 Ne5 13. Na3 Qa5 14. Qd2 Rfe8 15. Rfd1 Be6 16. b4 Qc7 17. Rbc1 Qb8 18. Nd5 Nxd5 19. cxd5 Bd7 20. b5 axb5 21. Nxb5 Rxc1 22. Rxc1 Rc8 23. Na7 Rxc1+ 24. Qxc1 Qd8 25. h3 f5 26. exf5 Nf7 27. f4 Bxf5 28. Qa3 Be4 29. Bc4 Qc7 30. Qa4 Nh6 31. g4 Nf7 32. Qb5 h5 33. Bb6 Qb8 34. Qd7 hxg4 35. hxg4 Qf8 36. Qe6 Bc2 37. Nc8 Kh7 38. Nxe7 Nh6 39. f5 gxf5 40. g5 Ng4 41. Qg6+ Kh8 42. Qh5+ Nh6 43. Ng6+ 1-0

[Event "Warsaw Najdorf Memorial op-A 11th"]
[Site "Warsaw"]
[Date "2013.08.10"]
[Round "6"]
[White "Krzyzanowski, Marcin"]
[Black "Szumilas, Piotr"]
[Result "1/2-1/2"]
[WhiteElo "2325"]
[BlackElo "2195"]
[PlyCount "107"]
[EventDate "2013.08.05"]
[EventType "swiss"]
[EventRounds "9"]
[EventCountry "POL"]
[SourceTitle "CBM 155 Extra"]
[Source "ChessBase"]
[SourceDate "2013.08.26"]
[SourceVersion "1"]
[SourceVersionDate "2013.08.26"]
[SourceQuality "1"]

1. e4 c5 2. Nf3 Nc6 3. Bb5 g6 4. Bxc6 dxc6 5. h3 Bg7 6. 0-0 e5 7. d3 Qe7 8. Nc3 Nf6 9. Be3 0-0 10. Qd2 Rd8 11. Bg5 Re8 12. Nh2 Qd6 13. Rae1 Nh5 14. Ne2 f6 15. Be3 g5 16. a3 Be6 17. b4 cxb4 18. axb4 Nf4 19. Ng3 Qd7 20. f3 Red8 21. Ra1 a6 22. Rfd1 Qf7 23. Bb6 Rd7 24. Ng4 Bf8 25. Ne3 h5 26. Ngf5 Kh7 27. Kh2 Bh6 28. Qf2 Bf8 29. g3 Ng6 30. c3 Bd6 31. Nxd6 Rxd6 32. Bc5 Rd7 33. d4 exd4 34. Rxd4 Rxd4 35. Bxd4 h4 36. gxh4 Qc7+ 37. Qg3 Qxg3+ 38. Kxg3 gxh4+ 39. Kh2 Rf8 40. Rg1 Nf4 41. Ng4 Bxg4 42. Rxg4 Ng6 43. f4 f5 44. Rg5 Nxf4 45. exf5 Kh6 46. Rg4 Nh5 47. Rg6+ Kh7 48. Rg5 Ng3 49. f6 Rg8 50. f7 Rf8 51. Rg7+ Kh6 52. Bf6 Nf5 53. Rg4 Rxf7 54. Bxh4 1/2-1/2

[Event "EU-ch 14th"]
[Site "Legnica"]
[Date "2013.05.14"]
[Round "9"]
[White "Goumas, Georgios"]
[Black "Szumilas, Piotr"]
[Result "1-0"]
[WhiteElo "2410"]
[BlackElo "2198"]
[PlyCount "73"]
[EventDate "2013.05.05"]
[EventType "swiss"]
[EventRounds "11"]
[EventCountry "POL"]
[SourceTitle "CBM 155"]
[Source "ChessBase"]
[SourceDate "2013.07.16"]
[SourceVersion "1"]
[SourceVersionDate "2013.07.16"]
[SourceQuality "1"]

1. e4 c5 2. Nf3 e6 3. d4 cxd4 4. Nxd4 Nc6 5. Nc3 Qc7 6. f4 a6 7. Nxc6 Qxc6 8. Bd3 Bb4 9. Bd2 Nf6 10. Qe2 d6 11. 0-0-0 e5 12. Nd5 Bxd2+ 13. Rxd2 Be6 14. Bc4 Nd7 15. f5 Bxd5 16. Bxd5 Qc7 17. Rhd1 Rd8 18. Rd3 h5 19. Rc3 Qb8 20. Rg3 Kf8 21. Rb3 b5 22. Ra3 Qb6 23. Rc3 Ke7 24. Rc6 Qa7 25. Qd2 Nf6 26. Bb3 Nxe4 27. Qd5 Qe3+ 28. Kb1 Rhf8 29. Rc7+ Rd7 30. f6+ gxf6 31. Rxd7+ Kxd7 32. Qb7+ Kd8 33. Qb8+ Ke7 34. Qc7+ Ke8 35. Bd5 Nd2+ 36. Ka1 Rh8 37. Qxd6 1-0

[Event "Litomysl op 14th"]
[Site "Litomysl"]
[Date "2012.12.29"]
[Round "4"]
[White "Szumilas, Piotr"]
[Black "Daniel, Martin"]
[Result "1/2-1/2"]
[WhiteElo "2204"]
[BlackElo "2081"]
[PlyCount "74"]
[EventDate "2012.12.26"]
[EventType "swiss"]
[EventRounds "9"]
[EventCountry "CZE"]
[SourceTitle "EXT 2014"]
[Source "ChessBase"]
[SourceDate "2013.11.20"]
[SourceVersion "1"]
[SourceVersionDate "2013.11.20"]
[SourceQuality "1"]

1. e4 Nc6 2. Nf3 Nf6 3. Nc3 d5 4. e5 Nd7 5. d4 Nb6 6. h3 a6 7. Be3 h6 8. a3 Bf5 9. Nh4 Qd7 10. Nxf5 Qxf5 11. Bd3 Qd7 12. Qe2 e6 13. f4 0-0-0 14. g4 Kb8 15. 0-0-0 Na5 16. f5 Nac4 17. fxe6 fxe6 18. Rdf1 Be7 19. Kb1 Nxe3 20. Qxe3 Rhf8 21. Qe2 c5 22. dxc5 Bxc5 23. Na2 Qc7 24. Nb4 a5 25. Na2 Nd7 26. Nc3 Qxe5 27. Qd2 Qe3 28. Qxe3 Bxe3 29. Re1 d4 30. Nd1 Ne5 31. Nxe3 Nxd3 32. cxd3 dxe3 33. Rxe3 Rf2 34. Rc1 Rd6 35. Rc2 Rf1+ 36. Rc1 Rf2 37. Rc2 Rf1+ 1/2-1/2

[Event "Warsaw Najdorf Memorial op-A"]
[Site "Warsaw"]
[Date "2012.08.10"]
[Round "5"]
[White "Nasuta, Grzegorz"]
[Black "Szumilas, Piotr"]
[Result "1/2-1/2"]
[WhiteElo "2275"]
[BlackElo "2192"]
[PlyCount "138"]
[EventDate "2012.08.06"]
[EventType "swiss"]
[EventRounds "9"]
[EventCountry "POL"]
[SourceTitle "CBM 149 Extra"]
[Source "ChessBase"]
[SourceDate "2012.08.24"]
[SourceVersion "1"]
[SourceVersionDate "2012.08.24"]
[SourceQuality "1"]

1. e4 c6 2. d4 d5 3. Nc3 dxe4 4. Nxe4 Nd7 5. Ng5 Ngf6 6. Bd3 e6 7. N1f3 Bd6 8. Qe2 h6 9. Ne4 Nxe4 10. Qxe4 Nf6 11. Qe2 Qc7 12. Bd2 b6 13. c4 Bb7 14. Bc3 Nh5 15. g3 Nf6 16. 0-0-0 0-0-0 17. Rhe1 c5 18. Kb1 Rhe8 19. Bc2 Bc6 20. dxc5 Bxc5 21. Nd4 Bxd4 22. Rxd4 Rxd4 23. Bxd4 Qe7 24. Qe5 Rd8 25. Bc3 Kb7 26. f4 Qd6 27. Qxd6 Rxd6 28. Kc1 Rd8 29. b3 Rg8 30. f5 Re8 31. fxe6 Rxe6 32. Rxe6 fxe6 33. a4 Kc7 34. Be5+ Kd7 35. Kb2 Ke7 36. b4 g5 37. Kb3 Nd7 38. Bd4 e5 39. Be3 Ke6 40. a5 Bb7 41. axb6 axb6 42. Bg6 Bc6 43. Bh5 Kf5 44. b5 Bg2 45. Be8 Nf6 46. Bc6 Bxc6 47. bxc6 Ke6 48. Kb4 Ne4 49. Bxb6 Kd6 50. c7 Kd7 51. c5 Nd2 52. Kc3 Nf3 53. h3 h5 54. Kd3 g4 55. hxg4 hxg4 56. Ke4 Nd4 57. c6+ Nxc6 58. Kf5 Nb4 59. Kxe5 Nc2 60. Kf5 Na3 61. Kxg4 Nc4 62. Bc5 Kxc7 63. Kf5 Kd7 64. g4 Ke8 65. Kf6 Nd2 66. Kg7 Nf3 67. Bd6 Kd7 68. Bg3 Ke7 69. Bf4 Ke6 1/2-1/2

[Event "Warsaw Najdorf Memorial op-A"]
[Site "Warsaw"]
[Date "2012.08.08"]
[Round "3"]
[White "Stoma, Pawel"]
[Black "Szumilas, Piotr"]
[Result "1-0"]
[WhiteElo "2313"]
[BlackElo "2192"]
[PlyCount "87"]
[EventDate "2012.08.06"]
[EventType "swiss"]
[EventRounds "9"]
[EventCountry "POL"]
[SourceTitle "CBM 149 Extra"]
[Source "ChessBase"]
[SourceDate "2012.08.24"]
[SourceVersion "1"]
[SourceVersionDate "2012.08.24"]
[SourceQuality "1"]

1. e4 c5 2. c3 d5 3. d3 dxe4 4. dxe4 Qxd1+ 5. Kxd1 Nf6 6. f3 Be6 7. Be3 Nbd7 8. Nd2 g6 9. Ne2 Bg7 10. Nf4 0-0 11. Nxe6 fxe6 12. Bc4 Kf7 13. a4 b6 14. h3 Ne8 15. f4 Nd6 16. Ba2 a6 17. g4 b5 18. e5 Nb7 19. Nf3 h6 20. Bb1 Nb6 21. Be4 Nd5 22. Ke2 Rfd8 23. Rhd1 Rab8 24. axb5 axb5 25. Rf1 Bh8 26. Nh4 Rg8 27. Ra6 Nxe3 28. Kxe3 Nd8 29. Ra7 Rc8 30. Ra5 Rb8 31. Ra6 Rg7 32. Rf2 Rg8 33. Rf3 Rg7 34. g5 h5 35. Rf1 Rg8 36. Rd1 b4 37. c4 Rc8 38. Rd7 Ke8 39. Raa7 Nc6 40. Rab7 Bxe5 41. fxe5 Nxe5 42. Rxe7+ Kf8 43. b3 Re8 44. Rec7 1-0

[Event "Wroclaw op-A 7th"]
[Site "Wroclaw"]
[Date "2012.07.08"]
[Round "7"]
[White "Matuszewski, Michal"]
[Black "Szumilas, Piotr"]
[Result "1-0"]
[WhiteElo "2366"]
[BlackElo "2196"]
[PlyCount "89"]
[EventDate "2012.07.02"]
[EventType "swiss"]
[EventRounds "9"]
[EventCountry "POL"]
[SourceTitle "CBM 149 Extra"]
[Source "ChessBase"]
[SourceDate "2012.08.24"]
[SourceVersion "1"]
[SourceVersionDate "2012.08.24"]
[SourceQuality "1"]

1. d4 d5 2. c4 c6 3. Nf3 Nf6 4. e3 a6 5. c5 Bf5 6. Nc3 Nbd7 7. b4 Qc7 8. Bb2 e6 9. Nh4 Be7 10. Nxf5 exf5 11. Bd3 Ne4 12. Ne2 g6 13. f3 Nef6 14. a4 0-0 15. 0-0 Rfe8 16. Qd2 Bf8 17. Nf4 Bh6 18. g3 Nh5 19. b5 Nxf4 20. gxf4 Nf8 21. bxa6 bxa6 22. Bc3 Ne6 23. Rab1 Qe7 24. Rb6 Nxc5 25. dxc5 Qxe3+ 26. Qxe3 Rxe3 27. Rd1 Rxf3 28. Rxc6 Rxf4 29. a5 Rg4+ 30. Kh1 Be3 31. Be2 Re4 32. Rxd5 Rb8 33. Rb6 Rbe8 34. Bf3 Rc4 35. Re5 Rxe5 36. Bxe5 Rc1+ 37. Kg2 f6 38. Bd5+ Kg7 39. Rxf6 Rxc5 40. Rc6+ Kh6 41. Bf4+ Kg7 42. Bxe3 Rxd5 43. Rxa6 Rd8 44. Rc6 Ra8 45. a6 1-0

[Event "Wroclaw op-A 7th"]
[Site "Wroclaw"]
[Date "2012.07.07"]
[Round "6"]
[White "Szumilas, Piotr"]
[Black "Paszewski, Mateusz"]
[Result "1/2-1/2"]
[WhiteElo "2196"]
[BlackElo "2028"]
[PlyCount "163"]
[EventDate "2012.07.02"]
[EventType "swiss"]
[EventRounds "9"]
[EventCountry "POL"]
[SourceTitle "CBM 149 Extra"]
[Source "ChessBase"]
[SourceDate "2012.08.24"]
[SourceVersion "1"]
[SourceVersionDate "2012.08.24"]
[SourceQuality "1"]

1. e4 g6 2. d4 Bg7 3. Nc3 c5 4. d5 d6 5. Nf3 Nf6 6. Bc4 0-0 7. 0-0 Na6 8. Qd3 Nc7 9. Bg5 a6 10. a4 Rb8 11. Nd2 Ng4 12. Qe2 Ne5 13. a5 b5 14. axb6 Rxb6 15. f4 Bg4 16. Qe1 Nxc4 17. Nxc4 Rb4 18. b3 Nb5 19. Na2 Bxa1 20. Qxa1 Rxc4 21. bxc4 Nd4 22. c3 Nb3 23. Qb2 Na5 24. h3 Nxc4 25. Qb7 Bd7 26. Qxa6 Nd2 27. Re1 Qa8 28. Qe2 Qxa2 29. Rd1 f6 30. Bh4 Rb8 31. Rxd2 Qa1+ 32. Rd1 Qxc3 33. e5 Rb2 34. Qd3 Qxd3 35. Rxd3 g5 36. fxg5 fxe5 37. g6 hxg6 38. Bxe7 Rb6 39. Rf3 c4 40. Rf8+ Kg7 41. Rd8 Rb7 42. Bxd6 e4 43. Kf2 Kf7 44. Rf8+ Kg7 45. Rf4 Rb5 46. Rxe4 Bf5 47. Be5+ Kf7 48. Rxc4 Rxd5 49. Bd4 Ra5 50. Rc7+ Ke6 51. g4 Bb1 52. Ke3 Ra3+ 53. Bc3 Ra4 54. Rb7 Bc2 55. Rb2 Be4 56. Rb6+ Kd5 57. Bb4 Bc2 58. Kf4 Ra1 59. Rd6+ Kc4 60. Rc6+ Kb3 61. Kg5 Be4 62. Re6 Bd3 63. Be7 Rh1 64. Re3 Kc4 65. Bf6 Bb1 66. Bg7 Kd5 67. Bc3 Be4 68. Bb2 Rh2 69. Bf6 Rh1 70. h4 Bb1 71. Rb3 Bc2 72. Rb2 Be4 73. Rd2+ Ke6 74. Re2 Kd5 75. Rxe4 Kxe4 76. Kxg6 Kf4 77. Kh5 Rd1 78. Bg5+ Kg3 79. Be3 Rd5+ 80. g5 Re5 81. Bb6 Re4 82. g6 1/2-1/2

[Event "Wroclaw op-A 7th"]
[Site "Wroclaw"]
[Date "2012.07.04"]
[Round "3"]
[White "Hetzer, Volkhard"]
[Black "Szumilas, Piotr"]
[Result "1/2-1/2"]
[WhiteElo "2010"]
[BlackElo "2196"]
[PlyCount "49"]
[EventDate "2012.07.02"]
[EventType "swiss"]
[EventRounds "9"]
[EventCountry "POL"]
[SourceTitle "CBM 149 Extra"]
[Source "ChessBase"]
[SourceDate "2012.08.24"]
[SourceVersion "1"]
[SourceVersionDate "2012.08.24"]
[SourceQuality "1"]

1. Nf3 Nf6 2. g3 d5 3. Bg2 Nbd7 4. d4 e6 5. 0-0 Be7 6. c4 c6 7. Qc2 0-0 8. b3 Ne4 9. Bb2 Nd6 10. Nbd2 f5 11. Ne5 Nxe5 12. dxe5 Nf7 13. Rfd1 Bd7 14. Rac1 Rc8 15. Qd3 Qb6 16. Nf3 Rfd8 17. e3 Be8 18. Qe2 Qa6 19. Nd4 c5 20. Nxe6 Qxe6 21. cxd5 Qh6 22. d6 Bxd6 23. exd6 Nxd6 24. Qc2 b6 25. Qc3 1/2-1/2

[Event "Wroclaw op-A 7th"]
[Site "Wroclaw"]
[Date "2012.07.03"]
[Round "2"]
[White "Szumilas, Piotr"]
[Black "Dobrowolski, Piotr"]
[Result "0-1"]
[WhiteElo "2196"]
[BlackElo "2426"]
[PlyCount "56"]
[EventDate "2012.07.02"]
[EventType "swiss"]
[EventRounds "9"]
[EventCountry "POL"]
[SourceTitle "CBM 149 Extra"]
[Source "ChessBase"]
[SourceDate "2012.08.24"]
[SourceVersion "1"]
[SourceVersionDate "2012.08.24"]
[SourceQuality "1"]

1. e4 e6 2. Nf3 d5 3. Nc3 d4 4. Ne2 c5 5. c3 Nc6 6. cxd4 cxd4 7. Qa4 b5 8. Qxb5 Bd7 9. Nexd4 Nxd4 10. Nxd4 Rb8 11. Qe2 Nf6 12. d3 Bb4+ 13. Bd2 0-0 14. Bxb4 Rxb4 15. Nf3 Qb6 16. b3 Bc6 17. Nd2 Qa5 18. Qd1 Nxe4 19. dxe4 Rxe4+ 20. Be2 Rd8 21. b4 Qxb4 22. Qc2 Bb5 23. 0-0 Rxe2 24. Rfb1 Qxd2 25. Qb3 Rxf2 26. Qg3 Rf5 27. a4 Bc6 28. Rc1 Rg5 0-1

[Event "Wroclaw op-A 7th"]
[Site "Wroclaw"]
[Date "2012.07.03"]
[Round "4"]
[White "Szumilas, Piotr"]
[Black "Ulanowski, Karol"]
[Result "1-0"]
[WhiteElo "2196"]
[BlackElo "1987"]
[PlyCount "87"]
[EventDate "2012.07.02"]
[EventType "swiss"]
[EventRounds "9"]
[EventCountry "POL"]
[SourceTitle "CBM 149 Extra"]
[Source "ChessBase"]
[SourceDate "2012.08.24"]
[SourceVersion "1"]
[SourceVersionDate "2012.08.24"]
[SourceQuality "1"]

1. e4 e5 2. Nf3 Nc6 3. Nc3 Nf6 4. Bb5 Bd6 5. d3 h6 6. h3 0-0 7. Be3 a6 8. Ba4 b5 9. Bb3 Bb4 10. 0-0 Bb7 11. Nd5 Bd6 12. Qd2 Nxd5 13. Bxd5 Qf6 14. a4 b4 15. c3 a5 16. d4 Ba6 17. dxe5 Nxe5 18. Nxe5 Bxe5 19. Rfc1 c6 20. Ba2 bxc3 21. bxc3 Rab8 22. Rab1 Qe7 23. Rd1 Qa3 24. Rxb8 Rxb8 25. Bf4 d6 26. Bxe5 dxe5 27. Qd6 Qxd6 28. Rxd6 Rb2 29. Rd8+ Kh7 30. Bxf7 Rc2 31. Bg8+ Kg6 32. Rd6+ Kg5 33. g3 Rc1+ 34. Kh2 Re1 35. Bf7 Rxe4 36. Rg6+ Kf5 37. Rxc6 Rxa4 38. Rxa6 Ke4 39. Kg2 Kd3 40. c4 Ra1 41. c5 e4 42. Rd6+ Ke2 43. c6 Rc1 44. c7 1-0

[Event "Wroclaw Cup-A"]
[Site "Wroclaw"]
[Date "2012.05.05"]
[Round "8"]
[White "Piotrowski, Przemyslaw"]
[Black "Szumilas, Piotr"]
[Result "0-1"]
[WhiteElo "1993"]
[BlackElo "2170"]
[PlyCount "60"]
[EventDate "2012.04.30"]
[EventType "swiss"]
[EventRounds "9"]
[EventCountry "POL"]
[SourceTitle "EXT 2013"]
[Source "ChessBase"]
[SourceDate "2012.11.22"]
[SourceVersion "1"]
[SourceVersionDate "2012.11.22"]
[SourceQuality "1"]

1. e4 c6 2. d4 d5 3. exd5 cxd5 4. c4 Nf6 5. Nc3 e6 6. Nf3 Bb4 7. Bd3 dxc4 8. Bxc4 0-0 9. 0-0 b6 10. a3 Bxc3 11. bxc3 Qc7 12. Qd3 Bb7 13. Ne5 Nbd7 14. Nxd7 Qxd7 15. Bg5 Qc6 16. d5 exd5 17. Bb5 Qd6 18. Rad1 Ng4 19. Qh3 Ne5 20. Rd4 Ng6 21. Bc1 Rac8 22. Rfd1 Qc5 23. Bd7 Rc7 24. Bb2 Qe7 25. Bf5 Re8 26. g3 Rc4 27. Qh5 Rxd4 28. cxd4 Ba6 29. Bg4 Bc4 30. Bf3 Qe1+ 0-1

[Event "Wroclaw Cup-A"]
[Site "Wroclaw"]
[Date "2012.05.04"]
[Round "7"]
[White "Tworzydlo, Piotr"]
[Black "Szumilas, Piotr"]
[Result "1/2-1/2"]
[WhiteElo "2107"]
[BlackElo "2170"]
[PlyCount "108"]
[EventDate "2012.04.30"]
[EventType "swiss"]
[EventRounds "9"]
[EventCountry "POL"]
[SourceTitle "EXT 2013"]
[Source "ChessBase"]
[SourceDate "2012.11.22"]
[SourceVersion "1"]
[SourceVersionDate "2012.11.22"]
[SourceQuality "1"]

1. e4 c5 2. Nf3 Nc6 3. Bb5 g6 4. c3 Bg7 5. 0-0 Nf6 6. Re1 0-0 7. d4 d5 8. e5 Ne4 9. h3 Qb6 10. Bf1 cxd4 11. cxd4 Bf5 12. Nc3 Nxc3 13. bxc3 Rfc8 14. g4 Be6 15. Ng5 Na5 16. Ba3 h6 17. Rb1 Qc6 18. Bb5 Qxc3 19. Bb4 Qc7 20. Nxe6 fxe6 21. Bxa5 Qxa5 22. Bd7 Rc7 23. Bxe6+ Kh7 24. Qb3 Rf8 25. Re3 Qd2 26. Rf3 Qxd4 27. Rxf8 Bxf8 28. Re1 Rc3 29. Qxd5 Qxd5 30. Bxd5 b6 31. Kg2 Bg7 32. f4 g5 33. f5 Rc5 34. f6 Bf8 35. Bb3 exf6 36. exf6 Rc8 37. Kf3 Kg6 38. Re6 Kh7 39. Ke4 Ba3 40. Kd5 Kg6 41. Ke4 Rc1 42. f7+ Kg7 43. Re8 Bf8 44. Kf3 Rc3+ 45. Kg2 a5 46. Re2 b5 47. Bd5 a4 48. Rf2 b4 49. Be6 b3 50. axb3 axb3 51. Rf3 Rc2+ 52. Rf2 Bc5 53. f8Q+ Bxf8 54. Bxb3 Rxf2+ 1/2-1/2

[Event "Wroclaw Cup-A"]
[Site "Wroclaw"]
[Date "2012.05.01"]
[Round "2"]
[White "Stachowiak, Kamil"]
[Black "Szumilas, Piotr"]
[Result "1-0"]
[WhiteElo "2413"]
[BlackElo "2170"]
[PlyCount "85"]
[EventDate "2012.04.30"]
[EventType "swiss"]
[EventRounds "9"]
[EventCountry "POL"]
[SourceTitle "EXT 2013"]
[Source "ChessBase"]
[SourceDate "2012.11.22"]
[SourceVersion "1"]
[SourceVersionDate "2012.11.22"]
[SourceQuality "1"]

1. d4 c5 2. d5 d6 3. Nc3 g6 4. Nf3 Bg7 5. e4 Nf6 6. Be2 0-0 7. 0-0 Bd7 8. Re1 Na6 9. Nd2 e5 10. dxe6 Bxe6 11. Bxa6 bxa6 12. Nb3 Ng4 13. Bf4 Ne5 14. Nd2 Qb6 15. Rb1 Qc6 16. Nf1 Nc4 17. Nd5 Rfe8 18. c3 a5 19. b3 Ne5 20. Nfe3 Rab8 21. Qd2 a4 22. b4 c4 23. Bxe5 dxe5 24. Qe2 f5 25. Rbd1 Rbc8 26. f3 f4 27. Nc2 Kf7 28. Qf2 Qb7 29. g3 Bh6 30. gxf4 Bxd5 31. Rxd5 Bxf4 32. Red1 Rc7 33. Na3 a6 34. Nxc4 Rxc4 35. Rd7+ Re7 36. Rxb7 Rxb7 37. Rd3 Rbc7 38. Qe1 Ke7 39. Qh4+ Ke6 40. Qd8 R4c6 41. c4 a3 42. c5 Rc8 43. Rd6+ 1-0

[Event "Rewal op-A 16th"]
[Site "Rewal"]
[Date "2011.08.24"]
[Round "5"]
[White "Brzezinski, Mateusz"]
[Black "Szumilas, Piotr"]
[Result "1-0"]
[WhiteElo "2042"]
[BlackElo "2162"]
[PlyCount "77"]
[EventDate "2011.08.19"]
[EventType "swiss"]
[EventRounds "9"]
[EventCountry "POL"]
[SourceTitle "CBM 144 Extra"]
[Source "ChessBase"]
[SourceDate "2011.10.28"]
[SourceVersion "1"]
[SourceVersionDate "2011.10.28"]
[SourceQuality "1"]

1. c4 e5 2. Nc3 Nf6 3. g3 d5 4. cxd5 Nxd5 5. Bg2 Nb6 6. Nf3 Nc6 7. d3 Be7 8. 0-0 0-0 9. a3 Re8 10. b4 Bf8 11. Bb2 a5 12. b5 Nd4 13. e3 Nxf3+ 14. Bxf3 a4 15. Qe2 Re6 16. Rfd1 f5 17. e4 f4 18. Nd5 fxg3 19. hxg3 Nxd5 20. exd5 Re8 21. Bxe5 Bd6 22. d4 Bf5 23. Qc4 Qd7 24. Re1 Rf8 25. Re3 Ra5 26. Bxd6 cxd6 27. b6 Rc8 28. Qe2 Qb5 29. Qe1 Raa8 30. Re7 Re8 31. Rc1 Kf8 32. Rcc7 Qxb6 33. Rf7+ Kg8 34. Rce7 Rxe7 35. Qxe7 Bg6 36. Rxg7+ Kh8 37. Qf6 Qb1+ 38. Kg2 Qf5 39. Rxg6+ 1-0